| 000 | 00467nam a2200181Ia 4500 | ||
|---|---|---|---|
| 005 | 20250508155306.0 | ||
| 008 | 008 250505s9999 xx 000 0 eng d | ||
| 037 | _aTextual | ||
| 040 |
_aFEDL _beng _cFEDL |
||
| 041 |
_aeng _2eng |
||
| 084 |
_a658.01, PRA _qFEDL |
||
| 100 | _aPrasad Kali | ||
| 245 | 0 | _aFatigue and efficiency in textile industry | |
| 260 | _c1952 | ||
| 300 | _a76p. | ||
| 942 |
_cTEXL _h658.01, PRA |
||
| 999 |
_c1355888 _d1355888 |
||